| 000 | 00635cam a2200229 a 4500 | ||
|---|---|---|---|
| 001 | 4258273 | ||
| 003 | BD-DhUL | ||
| 005 | 20161101192024.0 | ||
| 008 | 840117s1933 uk a b 000 0 eng | ||
| 010 | _a 84000043 | ||
| 020 | _a0801646715 (pbk.) | ||
| 040 |
_aDLC _cBD-DhUL _dDLC |
||
| 082 | 0 | 0 |
_a020.6 _219 _bLIY |
| 110 | _aThe Library Association | ||
| 245 | _aYear book 1950 / | ||
| 260 |
_aLondon : _bThe Library Association, _c1950. |
||
| 300 |
_a525 p. : _c21 cm. |
||
| 504 | _aIncludes bibliographies and index. | ||
| 650 | 0 | _aLibrary science | |
| 906 |
_a7 _bcbc _corignew _d1 _eocip _f19 _gy-gencatlg |
||
| 942 |
_2ddc _cBK |
||
| 999 |
_c118777 _d118777 |
||